000 nam a22 7a 4500
999 _c10497
_d10497
008 180217b ||||| |||| 00| 0 eng d
100 _ayadav,KC.etal.
_96412
245 _aDrill excercises in Mathematics-IV
260 _aNew Delhi
_bArya
_c2013